Shaded relief map of the Mare Tyrrhenum quadrangle of Mars /

Bibliographic Details
Corporate Author: Geological Survey (U.S.)
Format: Government Document Map
Language:English
Published: Reston, Va. : The Survey, 1978.
Series:Miscellaneous investigations series (Geological Survey (U.S.)) ; map I-1123.
Subjects:

MARC

Tag First Indicator Second Indicator Subfields
LEADER 00000cem a2200000Ia 4500
001 in00002467265
005 20151111041924.0
007 aj canzn
008 790724s1978 vaub bd a f 0 eng d
034 1 |a a  |b 5000000 
035 |a (OCoLC)ocm05204010 
035 |a (OCoLC)5204010 
040 |a GIS  |c GIS  |d OCL  |d DNU  |d COP  |d OCLCQ  |d TXA  |d UtOrBLW 
043 |a zma---- 
049 |a TXAM 
050 4 |a G3701.C5 svar  |b .U52 I-1123 
052 |a 3182  |b M3 
074 |a 0619-G-08 
086 0 |a I 19.91:I-1123 
110 2 |a Geological Survey (U.S.) 
245 1 0 |a Shaded relief map of the Mare Tyrrhenum quadrangle of Mars /  |c Department of the Interior, United States Geological Survey. 
246 3 0 |a Mare Tyrrhenum quadrangle of Mars 
255 |a Scale 1:5,000,000 at 0⁰ latitude ;  |b Mercator proj. 
264 1 |a Reston, Va. :  |b The Survey,  |c 1978. 
300 |a 1 map ;  |c 38 x 54 cm., on sheet 76 x 68 cm., folded in envelope 30 x 24 cm. 
336 |a cartographic image  |b cri  |2 rdacontent 
337 |a unmediated  |b n  |2 rdamedia 
338 |a sheet  |b nb  |2 rdacarrier 
490 1 |a Miscellaneous geologic investigations ;  |v map I-1123 
490 1 |a Atlas of Mars 1:5,000,000 topographic series ;  |v (MC-22) 
500 |a Relief shown by shading. 
500 |a Includes text, index to photographs, and tables. 
500 |a "Prepared for the National Aeronautics and Space Administration." 
504 |a Includes bibliographical references. 
500 |a Cartographic material. 
651 0 |a Mars (Planet)  |v Maps, Physical. 
830 0 |a Miscellaneous investigations series (Geological Survey (U.S.)) ;  |v map I-1123. 
810 2 |a Geological Survey (U.S.).  |t Atlas of Mars.  |p 1:5,000,000 topographic series ;  |v (MC-22) 
994 |a C0  |b TXA 
948 |a cataloged  |b h  |c 2009/07/09  |e rzeske  |f 10:47:28 am 
999 |a MARS 
999 f f |s 525a6acb-46d0-3a16-81b0-ad1df42f33ac  |i f4ffd11f-b6d0-34a1-87d3-2b62333754de  |t 0 
952 f f |p normal  |a Texas A&M University  |b College Station  |c Sterling C. Evans Library  |d Evans: Maps File (2nd floor)  |t 0  |e I 19.91:I-1123  |h Superintendent of Documents classification  |i unmediated -- sheet  |m A14837625074 
998 f f |a I 19.91:I-1123  |t 0  |l Evans: Maps File (2nd floor)